Huitième centenaire de Maïmonide : 4895-5695, 1135-1935 /
مؤلف مشترك:
مؤلفون آخرون:
التنسيق: كتاب
اللغة:
French
Arabic
Hebrew
Italian
منشور في:
Alexandrie :
Communaute Israelite d'Alexandrie, Grand Rabbinat,
[1935].
الموضوعات:
الوسوم: إضافة وسم
رقم الطلب: BM755 .M6 H91 1935
| LEADER | 01155namaa2200301 4500 | ||
|---|---|---|---|
| 001 | 11896 | ||
| 003 | OSt | ||
| 005 | 20240722120619.0 | ||
| 008 | 130303s1935 ua acg 000 0 fre d | ||
| 952 | |0 0 |1 0 |2 lcc |4 0 |6 BM0755 M6 H91 01935 |7 1 |9 12816 |a ARCE |b ARCE |d 2021-05-31 |l 0 |o BM755 .M6 H91 1935 |p 1011195 |r 2021-05-31 00:00:00 |w 2021-05-31 |y BK | ||
| 999 | |c 12179 |d 12179 | ||
| 010 | |a 92228987 | ||
| 040 | |c ARCE Library | ||
| 041 | 0 | |a fre |a ara |a heb |a ita | |
| 050 | 4 | |a BM755 .M6 H91 1935 | |
| 245 | 0 | 0 | |a Huitième centenaire de Maïmonide : |b 4895-5695, 1135-1935 / |c Moses Maimonides. |
| 246 | 3 | 0 | |a 8ème centenaire de Maïmonide. |
| 264 | 1 | |a Alexandrie : |b Communaute Israelite d'Alexandrie, Grand Rabbinat, |c [1935]. | |
| 300 | |a 138 pages : |b illustrations, music, portraits ; |c 26 cm. | ||
| 500 | |a "Décembre 1935." | ||
| 546 | |a Studies in French, Arabic, Hebrew, Italian. | ||
| 600 | 1 | 0 | |a Maimonides, Moses, |d 1135-1204. |9 35197 |
| 650 | 0 | |a Judaism. | |
| 700 | 1 | |a Maimonides, Moses, |d 1135-1204. |9 35197 | |
| 710 | 2 | |a Communauté Israélite d'Alexandrie. |b Grand Rabbinat. |9 21762 | |
| 740 | 0 | |a 8ème centenaire de Maïmonide. | |
| 901 | |a reviewed | ||
| 942 | |c BK |2 lcc | ||
